Scottish property review (Record no. 111411)

MARC details
000 -LEADER
fixed length control field 00876cad a22002295a 4500
001 - CONTROL NUMBER
control field E151497
008 - FIXED-LENGTH DATA ELEMENTS--GENERAL INFORMATION
fixed length control field 101109s2010 stk df s 000 0 eng u
035 ## - SYSTEM CONTROL NUMBER
System control number (Sirsi) u151497
041 ## - LANGUAGE CODE
Language code of text/sound track or separate title eng
050 04 - LIBRARY OF CONGRESS CALL NUMBER
Classification number 333.33 $2 18
110 2# - MAIN ENTRY--CORPORATE NAME
Corporate name or jurisdiction name as entry element Ryden
9 (RLIN) 2067
245 00 - TITLE STATEMENT
Title Scottish property review
Remainder of title October 2010
Medium [electronic resource]
250 ## - EDITION STATEMENT
Edition statement 67th ed.
260 ## - PUBLICATION, DISTRIBUTION, ETC.
Place of publication, distribution, etc. Edinburgh
Name of publisher, distributor, etc. Ryden
Date of publication, distribution, etc. 2010
490 #0 - SERIES STATEMENT
Series statement Scottish Property Review
Volume/sequential designation (67) October 2010
520 ## - SUMMARY, ETC.
Summary, etc. Includes information on the economy and planning, as well as details of the investment market and retail, office and industrial property.
590 ## - LOCAL NOTE (RLIN)
Local note KA
651 #4 - SUBJECT ADDED ENTRY--GEOGRAPHIC NAME
Geographic name Scotland
Chronological subdivision 1999-
690 ## - LOCAL SUBJECT ADDED ENTRY--TOPICAL TERM (OCLC, RLIN)
Topical term or geographic name as entry element PROPERTY-COMMERCIAL PROPERTY-COMMERCIAL PROPERTY MARKET
856 40 - ELECTRONIC LOCATION AND ACCESS
Uniform Resource Identifier <a href="https://www.ryden.co.uk/News/documents/67thScottishPropertyReview.pdf">https://www.ryden.co.uk/News/documents/67thScottishPropertyReview.pdf</a>
Public note View the report free of charge at www.ryden.co.uk...
942 ## - ADDED ENTRY ELEMENTS (KOHA)
Suppress in OPAC 0
Holdings
Withdrawn status Lost status Source of classification or shelving scheme Damaged status Not for loan Home library Current library Shelving location Date acquired Total Checkouts Full call number Barcode Date last seen Copy number Price effective from Koha item type
    Dewey Decimal Classification     Virtual Virtual Online 09/11/2010   ONLINE PUBLICATION 151497-2001 06/08/2019 1 06/08/2019 Book